|
|
|
|
| LEADER |
00000nam0a2200000 4500 |
| 001 |
375218 |
| 005 |
20231102012721.0 |
| 035 |
|
|
|a (RuTPU)RU\TPU\retro\32657
|
| 035 |
|
|
|a RU\TPU\book\309057
|
| 090 |
|
|
|a 375218
|
| 100 |
|
|
|a 20221220d1902 km y0rusy50 ca
|
| 101 |
0 |
|
|a rus
|
| 102 |
|
|
|a RU
|
| 105 |
|
|
|a y z 000zb
|
| 200 |
1 |
|
|a Профессор И. В. Мушкетов (1850-1902)
|e некролог
|e [оттиск статьи]
|f В. А. Обручев
|
| 210 |
|
|
|a Томск
|c Типо-литография М. Н. Кононова
|d 1902
|
| 215 |
|
|
|a 10 с.
|
| 225 |
1 |
|
|a Вестник Золотопромышленности
|
| 300 |
|
|
|a Текст в русской дореформенной орфографии
|
| 316 |
|
|
|5 63413507: 21//325
|a На с. 1 дарственная надпись: "В библиотеку ТТИ"
|
| 600 |
|
1 |
|a Мушкетов
|b И. В.
|c российский геолог
|c исследователь Средней Азии
|f 1850-1902
|g Иван Васильевич
|2 stltpush
|3 (RuTPU)RU\TPU\pers\15011
|9 5113
|
| 606 |
1 |
|
|a Геология
|2 stltpush
|3 (RuTPU)RU\TPU\subj\6095
|9 34054
|
| 610 |
1 |
|
|a геологи
|
| 610 |
1 |
|
|a Россия
|
| 610 |
1 |
|
|a труды учёных ТПУ
|
| 610 |
1 |
|
|a дарственная надпись
|
| 610 |
1 |
|
|a дары автора
|
| 610 |
1 |
|
|a дары библиотеке
|
| 610 |
1 |
|
|a коллекция В. А. Обручева
|
| 610 |
1 |
|
|a оттиски
|
| 675 |
|
|
|a 55(092)
|v 3
|
| 700 |
|
1 |
|a Обручев
|b В. А.
|c российский геолог
|c профессор Томского технологического института
|c исследователь Сибири, Центральной и Средней Азии
|c географ
|f 1863-1956
|g Владимир Афанасьевич
|2 stltpush
|3 (RuTPU)RU\TPU\pers\996
|
| 801 |
|
1 |
|a RU
|b 63413507
|c 20150218
|
| 801 |
|
2 |
|a RU
|b 63413507
|c 20221220
|g RCR
|
| 942 |
|
|
|c BK
|